Two by Three Quiz Stats

 Plays Quiz Updated Sep 28, 2017

Score 0/24 Timer 05:00
2 Plays Today
Hint Answer % Correct
This deploys from the car in a crashair bag
89.1%
Tiredness from after a long flightjet lag
88.7%
Meat product served on a long bunhot dog
88.3%
Parasitic insect that lurks on a mattressbed bug
88.2%
Headwear of Monopoly mascottop hat
86.6%
'Two all-beef patties, special sauce, lettuce...'Big Mac
86%
A hired assassinhit man
81.6%
Artificial limb like that of Captain Ahabpeg leg
78.1%
Body of water bordering Saudi ArabiaRed Sea
77.4%
Spring holiday on the first of a monthMay Day
70.8%
Band that performed 'Pinball Wizard'The Who
70.3%
Brand of small packaged mintsTic Tac
70.1%
Hint Answer % Correct
Nestlé chocolate wafer barKit Kat
67.3%
Genre of Andy Warhol and Roy Lichtensteinpop art
66.7%
Neck accessory or shape of farfallebow tie
66.3%
Ra or Surya or Helios, e.g.sun god
64.4%
Meditative Chinese martial arttai chi
64%
Alternate name for the manateesea cow
58%
Chinese meal served in small portionsdim sum
55.6%
Small metal container for foodstuffstin can
55.2%
Solid form of carbon dioxidedry ice
51.7%
Counter that serves uncooked shellfishraw bar
46.3%
Springy tool used for casting in fishingfly rod
32.4%
Hard rock band known for 'Black Betty'Ram Jam
24.2%

You're not logged in!

Compare scores with friends on all Sporcle quizzes.
OR
Log In

You Might Also Like...

Show Comments

Extras

Top Quizzes Today


Score Distribution

Your Account Isn't Verified!

In order to create a playlist on Sporcle, you need to verify the email address you used during registration. Go to your Sporcle Settings to finish the process.

Report this User

Report this user for behavior that violates our Community Guidelines.

Details: